00323pab a2200133 454500008004000000100002100040245003100061260000900092300000900101362001100110650003600121650001300157773001900170180718b1997 xxu||||| |||| 00| 0 eng d aSubrahmanyam, K. aThe Jain Commission report c1997 ap.10 a27 Nov aIndia - Politics and government aViolence aEconomic Times